000
00448nam a2200145Ia 4500
008
100204s9999 xx 000 0 und d
082
_b
25610
100
_a
वाळिंबे रेखा
245
_a
वेळ थोडा आहे
260
_b
घरकुल प्रकाशन पुणे
_c
2001
300
_a
96
630
_a
वेळ थोडा आहे
730
_a
वेळ थोडा आहे
942
_c
BOOK
999
_c
470791
_d
470788